Villes de la Creuse en images - Statistiques

Statistiques générales
  • Ce quiz a été pris 74 fois
  • Le résultat moyen est 8 sur 18
Statistiques - réponses
Par images Hint Réponse % Correct
G Guéret
100%
La (S) La Souterraine
94%
A Aubusson
92%
B Boussac
65%
B Bourganeuf
60%
F Felletin
52%
É Évaux-les-Bains
47%
C Crozant
45%
G Gouzon
42%
La (C) La Celle-Dunoise
37%
C Chambon-sur-Voueize
31%
M Moutier-d'Ahun
29%
B Bénévent-l'Abbaye
26%
T Toulx-Sainte-Croix
26%
C Crocq
24%
S Sainte-Feyre
21%
A Auzances
16%
M Masgot
16%
Aucun quiz correspondant
Distribution des résultats
% des personnes avec chaque résultat
Percentile par nombre de réponses
Votre historique - résultats
Vous n’avez pas pris ce quiz